| 000 | 00517nam a2200193Ia 4500 | ||
|---|---|---|---|
| 003 | IN-BaIIA | ||
| 008 | 211028s9999 xx 000 0 eng d | ||
| 020 | _a0-572-00770-1 | ||
| 040 | _cIIA Library | ||
| 080 |
_a551.510.5 _bMOO |
||
| 100 |
_aMoore, James M _97559 |
||
| 245 | 0 |
_aRadio spectrom handbook _cJames M. Moore |
|
| 260 |
_aSlough _bW Foulsham _c1971 |
||
| 300 | _a192p. | ||
| 490 | _aFoulsham-Sams Technical Books | ||
| 650 | _aAstronomy and Astrophysics Thesaurus | ||
| 650 | _aIonosphere | ||
| 942 | _cBK | ||
| 999 |
_c4301 _d4301 |
||